Statistics for Handy Tools for the Lawn and Garden

Click here to take the quiz!

General Stats

  • This quiz has been taken 141 times
  • The average score is 13 of 24

Answer Stats

HintAnswer% Correct
two-hand tool for chopping larger pieces of woodaxe
89%
common walk-behind equipment for cutting large areas of grasslawn mower
87%
all-purpose container with handles a wheel attachedwheel barrow
81%
motorized saw for cutting larger trees and brancheschain saw
80%
common manual tool with long handle used for making piles of leavesleaf rake
80%
long, flexible tube for piping water where you need ithose
77%
motorized tool that moves leaves and other light debris with forced airleaf blower
71%
connected to a hose, it spreads water in an even and repetitive fashionsprinkler
61%
motorized tool used to clip and shape bushes and hedgeshedge trimmer
60%
large scissor-like tool used for trimming hedgesshears
57%
small and medium manual tool for clipping twigs and small branchespruner
55%
a tool with a handle and sharp metal prongs, used especially for lifting haypitch fork
53%
motorized tool for trimming patches of grass that the lawn mower can't getweed whacker
51%
tool that makes holes in the lawn to allow air and nutrients to get in more easilyaerator
50%
one-hand tool for chopping smaller pieces of woodhatchet
50%
motorized equipment used to clear snow from the driveway and walkwayssnow blower
50%
manual saw shaped like a bow for cutting branches and small treesbow saw
48%
specialized container with wheels for putting fertelizer and other chemicals down on the lawnspreader
44%
disposable containers for leaves and other yard debrisleaf bags
40%
ride-on equipment for cutting grass and doing other assorted activitieslawn tractor
36%
long tool with two handles used to dig deep holes for installing things such as a wooden fencepost-hole digger
34%
heavy, tooth-bearing equipment for removing tree stumps and rootsstump grinder
32%
long-handled tool for cutting fairly high branchespole saw
13%
a heavy tool with a handle and a two-sided head that has a cutting blade one on one side and a hammer on the othermaul
7%

Score Distribution

Percentile by Number Answered

Percent of People with Each Score

Your Score History

You have not taken this quiz